000 00737nam a22002537a 4500
001 48209
003 UA-OsUOA
005 20220410131731.0
007 ta
008 20121224b un ||||| |||| 00| 0 ukr d
040 _aUA-OsUOA
_bukr
_cUA-OsUOA
_dUA-OsUOA
041 _aukr
080 _a017
090 _a017
_bБ67
245 _aБібліотека Івана Франка: науковий опис
260 _aК.
_c2010
300 _a624 с.
505 _gТ. 1
650 7 _a01 Бібліографія і бібліографії. Каталоги
_2UDC
942 _cBK
_2udc
955 _a1
999 _c428311
_d428311